[Event "Mittelrhein Verbandsliga-N 18/19"]
[Site "Nordrheinwestfalen"]
[Date "2018.12.16"]
[Round "5.8"]
[White "Eisentraut, Dieter"]
[Black "Wiedermann, Lars"]
[Result "1/2-1/2"]
[WhiteElo "1803"]
[BlackElo "1646"]
[PlyCount "106"]
[EventDate "2018.09.02"]
[EventType "team-tourn"]
[EventRounds "12"]
[EventCountry "GER"]
[SourceTitle "EXT 2022"]
[Source "ChessBase"]
[SourceDate "2021.10.06"]
[SourceVersion "1"]
[SourceVersionDate "2021.10.06"]
[SourceQuality "1"]
[WhiteTeam "Godesberg III"]
[BlackTeam "Eikamp ISVFB"]
[WhiteTeamCountry "GER"]
[BlackTeamCountry "GER"]

1. e3 e5 2. d4 exd4 3. exd4 d5 4. Nf3 Nf6 5. Bd3 Bd6 6. Qe2+ Qe7 7. Qxe7+ Bxe7 8. 0-0 0-0 9. Bf4 c6 10. h3 Be6 11. Nbd2 Nbd7 12. Ng5 Rae8 13. Rae1 Nh5 14. Nxe6 fxe6 15. Bh2 Bg5 16. Nf3 Bf4 17. g3 Bb8 18. Ng5 g6 19. Nxe6 Rf7 20. Nc5 Rxe1 21. Rxe1 Nxc5 22. Re8+ Rf8 23. Rxf8+ Kxf8 24. dxc5 Be5 25. c3 Ke7 26. Kg2 Ke6 27. f4 Bc7 28. Kf3 Ng7 29. g4 Kf6 30. Bg3 Ne6 31. b4 d4 32. c4 a5 33. a3 b6 34. cxb6 Bxb6 35. c5 Bc7 36. Be4 axb4 37. axb4 g5 38. Bxc6 gxf4 39. Bh4+ Ke5 40. Bd7 d3 41. Bxe6 Kxe6 42. Be1 Kd5 43. g5 Kd4 44. h4 Ke5 45. h5 Kf5 46. g6 hxg6 47. hxg6 Kxg6 48. Ke4 Kf6 49. Kxd3 Ke6 50. Ke4 Kd7 51. Bd2 Kc6 52. Bxf4 Ba5 53. bxa5 Kxc5 1/2-1/2

[Event "Mittelrhein Verbandsliga-S 17/18"]
[Site "Nordrheinwestfalen"]
[Date "2018.05.06"]
[Round "11.8"]
[White "Eisentraut, Dieter"]
[Black "Bussard, Achim"]
[Result "1/2-1/2"]
[WhiteElo "1788"]
[BlackElo "1806"]
[PlyCount "42"]
[EventDate "2017.09.10"]
[EventType "team-tourn"]
[EventRounds "11"]
[EventCountry "GER"]
[SourceTitle "EXT 2022"]
[Source "ChessBase"]
[SourceDate "2021.10.06"]
[SourceVersion "1"]
[SourceVersionDate "2021.10.06"]
[SourceQuality "1"]
[WhiteTeam "Godesberg III"]
[BlackTeam "Niederkassel II"]
[WhiteTeamCountry "GER"]
[BlackTeamCountry "GER"]

1. e3 Nf6 2. Nf3 g6 3. d4 Bg7 4. c4 0-0 5. Be2 d5 6. cxd5 Qxd5 7. Nc3 Qd8 8. 0-0 c6 9. Bc4 Nbd7 10. Qe2 Nb6 11. Bb3 Bg4 12. h3 Bxf3 13. Qxf3 Qc7 14. Bd2 Rad8 15. Rfd1 e5 16. Ne2 exd4 17. Nxd4 Qe5 18. Bc3 Qe4 19. Qe2 Nfd5 20. Ba5 Rfe8 21. Nf3 Nf4 1/2-1/2

[Event "Mittelrhein Verbandsliga-S 17/18"]
[Site "Nordrheinwestfalen"]
[Date "2018.01.14"]
[Round "6.7"]
[White "Dirschke, Philipp"]
[Black "Eisentraut, Dieter"]
[Result "1/2-1/2"]
[WhiteElo "1793"]
[BlackElo "1770"]
[PlyCount "91"]
[EventDate "2017.09.10"]
[EventType "team-tourn"]
[EventRounds "11"]
[EventCountry "GER"]
[SourceTitle "EXT 2022"]
[Source "ChessBase"]
[SourceDate "2021.10.06"]
[SourceVersion "1"]
[SourceVersionDate "2021.10.06"]
[SourceQuality "1"]
[WhiteTeam "Lohmar"]
[BlackTeam "Godesberg III"]
[WhiteTeamCountry "GER"]
[BlackTeamCountry "GER"]

1. d4 d5 2. Nf3 c5 3. c4 cxd4 4. Qxd4 Nc6 5. Qxd5 Qxd5 6. cxd5 Nb4 7. Na3 Nf6 8. e3 Nfxd5 9. Bb5+ Bd7 10. Bxd7+ Kxd7 11. 0-0 Nc7 12. Bd2 Nc6 13. Bc3 f6 14. Nd4 Nxd4 15. Rad1 Ke8 16. exd4 e6 17. Nc4 b5 18. Ne3 b4 19. Bd2 Rd8 20. Bc1 Kf7 21. Rfe1 Be7 22. Re2 Rd7 23. Nc2 Rb8 24. b3 Rb6 25. Rde1 Ra6 26. Bb2 Rxa2 27. Ne3 Ra6 28. f4 g6 29. g4 Nd5 30. Nxd5 Rxd5 31. h4 h6 32. Kg2 Bd8 33. Kf3 Rad6 34. Rc2 Bb6 35. Ra1 Rd7 36. Ra4 a5 37. Rc4 g5 38. hxg5 hxg5 39. fxg5 Rxg5 40. Ra1 Rgd5 41. Ke4 Kg6 42. Rh1 f5+ 43. gxf5+ exf5+ 44. Kd3 Bd8 45. Rg1+ Kf7 46. Rh1 1/2-1/2

[Event "Mittelrhein Verbandsliga-S 17/18"]
[Site "Nordrheinwestfalen"]
[Date "2017.12.03"]
[Round "5.8"]
[White "Mueller, Martin"]
[Black "Eisentraut, Dieter"]
[Result "1/2-1/2"]
[WhiteElo "1896"]
[BlackElo "1770"]
[PlyCount "96"]
[EventDate "2017.09.10"]
[EventType "team-tourn"]
[EventRounds "11"]
[EventCountry "GER"]
[SourceTitle "EXT 2022"]
[Source "ChessBase"]
[SourceDate "2021.10.06"]
[SourceVersion "1"]
[SourceVersionDate "2021.10.06"]
[SourceQuality "1"]
[WhiteTeam "Koeln SF III"]
[BlackTeam "Godesberg III"]
[WhiteTeamCountry "GER"]
[BlackTeamCountry "GER"]

1. c4 b6 2. Nc3 Bb7 3. d4 e6 4. Nf3 Bb4 5. Bg5 Nf6 6. e3 h6 7. Bh4 0-0 8. Bd3 d6 9. 0-0 Bxc3 10. bxc3 Nbd7 11. Nd2 e5 12. e4 c5 13. d5 Re8 14. Bc2 g5 15. Bg3 Nf8 16. Ba4 Re7 17. h3 Ng6 18. Re1 Qf8 19. Nf1 Rd8 20. Bc2 Qg7 21. Ne3 Bc8 22. a4 a5 23. Rb1 Rb7 24. Rb2 Bd7 25. Qe2 Nf4 26. Bxf4 gxf4 27. Nf5 Bxf5 28. exf5 Kh8 29. Reb1 Rg8 30. Be4 Rgb8 31. Qf3 Kg8 32. Qe2 Kf8 33. Qc2 Ke7 34. Bf3 Qg8 35. Kh2 Qg5 36. Qe2 Nd7 37. Bg4 Rg8 38. Rg1 Nf6 39. Rgb1 Rgb8 40. Bf3 Qxf5 41. Rb5 e4 42. Bxe4 Qxe4 43. Qxe4+ Nxe4 44. Re1 f5 45. f3 Kf6 46. fxe4 Re8 47. e5+ Rxe5 48. Reb1 Re4 1/2-1/2

[Event "Mittelrhein Regionalliga 16/17"]
[Site "Nordrheinwestfalen"]
[Date "2017.03.19"]
[Round "9.5"]
[White "Schloemer, Armin"]
[Black "Eisentraut, Dieter"]
[Result "1-0"]
[WhiteElo "1889"]
[BlackElo "1796"]
[PlyCount "49"]
[EventDate "2016.09.11"]
[EventType "team-tourn"]
[EventRounds "11"]
[EventCountry "GER"]
[SourceTitle "EXT 2022"]
[Source "ChessBase"]
[SourceDate "2021.10.06"]
[SourceVersion "1"]
[SourceVersionDate "2021.10.06"]
[SourceQuality "1"]
[WhiteTeam "Aachen DJK Aufwärts III"]
[BlackTeam "Godesberg III"]
[WhiteTeamCountry "GER"]
[BlackTeamCountry "GER"]

1. c4 Nf6 2. g3 d5 3. Nf3 c6 4. Bg2 h6 5. 0-0 Bf5 6. cxd5 cxd5 7. Nc3 e6 8. Qb3 Qc8 9. d3 Be7 10. Bf4 0-0 11. Nb5 Ne8 12. Nfd4 Bg6 13. Rac1 Nc6 14. e4 dxe4 15. dxe4 Bg5 16. Bxg5 hxg5 17. e5 a6 18. Nxc6 bxc6 19. Nd4 Rb8 20. Qa3 Qb7 21. b3 Qb6 22. Nxc6 Rb7 23. Ne7+ Kh7 24. Nxg6 Kxg6 25. Qxf8 1-0

[Event "Mittelrhein Regionalliga 16/17"]
[Site "Nordrheinwestfalen"]
[Date "2016.10.02"]
[Round "2.5"]
[White "Eisentraut, Dieter"]
[Black "Okrajek, Alexander"]
[Result "0-1"]
[WhiteElo "1796"]
[BlackElo "2122"]
[PlyCount "44"]
[EventDate "2016.09.11"]
[EventType "team-tourn"]
[EventRounds "11"]
[EventCountry "GER"]
[SourceTitle "EXT 2022"]
[Source "ChessBase"]
[SourceDate "2021.10.06"]
[SourceVersion "1"]
[SourceVersionDate "2021.10.06"]
[SourceQuality "1"]
[WhiteTeam "Godesberg III"]
[BlackTeam "Siegburg"]
[WhiteTeamCountry "GER"]
[BlackTeamCountry "GER"]

1. d4 d6 2. Nc3 g6 3. Bg5 Bg7 4. Qd2 Nd7 5. e4 c6 6. Nf3 b5 7. Bd3 h6 8. Be3 Nb6 9. Qe2 Nf6 10. d5 b4 11. Nd1 cxd5 12. e5 dxe5 13. Nxe5 0-0 14. Qd2 Qd6 15. Nf3 Kh7 16. Bf4 e5 17. Bg3 Nh5 18. Ne3 f5 19. Nh4 Nxg3 20. hxg3 e4 21. Bxe4 fxe4 22. Rb1 g5 0-1

[Event "Mittelrhein Verbandsliga Ost 1415"]
[Site "Mittelrhein"]
[Date "2015.01.11"]
[Round "6.7"]
[White "Eisentraut, Dieter"]
[Black "Leontiev, Oleg"]
[Result "1/2-1/2"]
[WhiteElo "1690"]
[BlackElo "1875"]
[PlyCount "95"]
[EventDate "2014.09.07"]
[EventType "team-tourn"]
[EventRounds "11"]
[EventCountry "GER"]
[SourceTitle "EXT 2023"]
[Source "ChessBase"]
[SourceDate "2022.10.05"]
[SourceVersion "1"]
[SourceVersionDate "2022.10.05"]
[SourceQuality "1"]
[WhiteTeam "Godesberg IV"]
[BlackTeam "Troisdorf"]
[WhiteTeamCountry "GER"]
[BlackTeamCountry "GER"]

1. e4 e6 2. d4 d5 3. e5 c5 4. Qg4 cxd4 5. Nf3 Nc6 6. Bd3 Qc7 7. 0-0 Nge7 8. Re1 Bd7 9. c3 dxc3 10. Nxc3 a6 11. a3 Ng6 12. Qg3 Rc8 13. h4 Na5 14. Bg5 Nc4 15. Rac1 Bc6 16. Re2 Ne7 17. h5 h6 18. Bf4 Qd7 19. Rd1 Ba4 20. Rde1 Bb3 21. Nd4 Na5 22. Bd2 Nec6 23. Nf3 Bc4 24. Nh2 Bxd3 25. Qxd3 Nb3 26. Rd1 Nxd2 27. Rdxd2 Qc7 28. Qg3 Ne7 29. Rd3 Nf5 30. Qf4 Qc4 31. Qd2 Be7 32. b3 Qc5 33. b4 Qc4 34. Nd1 Bg5 35. Qc3 Qxc3 36. Nxc3 Kd7 37. Nf3 Rc4 38. Ne4 Rc1+ 39. Kh2 Be7 40. g4 Nh4 41. Nxh4 Bxh4 42. Nd6 b5 43. Rf3 f6 44. Nb7 Ke7 45. Nc5 Rd8 46. exf6+ Bxf6 47. Rxe6+ Kf7 48. Rxa6 1/2-1/2

[Event "Mittelrhein Verbandsliga Ost 1314"]
[Site "Mittelrhein"]
[Date "2014.04.06"]
[Round "9.8"]
[White "Eisentraut, Dieter"]
[Black "Preiss, Wolfgang"]
[Result "0-1"]
[WhiteElo "1716"]
[BlackElo "1719"]
[PlyCount "50"]
[EventDate "2013.09.15"]
[EventType "team-tourn"]
[EventRounds "11"]
[EventCountry "GER"]
[SourceTitle "EXT 2023"]
[Source "ChessBase"]
[SourceDate "2022.10.05"]
[SourceVersion "1"]
[SourceVersionDate "2022.10.05"]
[SourceQuality "1"]
[WhiteTeam "Godesberg IV"]
[BlackTeam "Bergische SF II"]
[WhiteTeamCountry "GER"]
[BlackTeamCountry "GER"]

1. a3 d5 2. e3 e5 3. c4 d4 4. Nf3 f6 5. Nxe5 dxe3 6. fxe3 fxe5 7. Qh5+ Ke7 8. Qxe5+ Kf7 9. c5 Be6 10. d4 Be7 11. Nc3 Bf6 12. Qe4 c6 13. Qc2 Ne7 14. Bd3 g6 15. 0-0 Kg7 16. Ne4 Nd7 17. Bd2 Rf8 18. Nd6 b6 19. cxb6 axb6 20. Bc3 Nd5 21. Rae1 Nxc3 22. Qxc3 c5 23. Ne4 cxd4 24. Qc6 Bf5 25. Bb5 Ne5 0-1

[Event "Bad Godesberg op 17th"]
[Site "Bad Godesberg"]
[Date "2013.08.06"]
[Round "4"]
[White "Rahmen, Christian"]
[Black "Eisentraut, Dieter"]
[Result "1/2-1/2"]
[WhiteElo "1616"]
[BlackElo "1949"]
[PlyCount "121"]
[EventDate "2013.08.03"]
[EventType "swiss"]
[EventRounds "9"]
[EventCountry "GER"]
[SourceTitle "CBM 155 Extra"]
[Source "ChessBase"]
[SourceDate "2013.08.26"]
[SourceVersion "1"]
[SourceVersionDate "2013.08.26"]
[SourceQuality "1"]

1. d4 d5 2. c4 dxc4 3. e3 Be6 4. Nf3 c6 5. Nc3 Nf6 6. Qc2 Na6 7. Ne5 Nb4 8. Qa4 a5 9. a3 Nbd5 10. Qc2 Nxc3 11. bxc3 g6 12. Nxc4 Nd7 13. Bd3 b5 14. Nd2 Bg7 15. 0-0 0-0 16. e4 Nb6 17. e5 Qc7 18. Ne4 Bc4 19. f4 f6 20. Nc5 Bd5 21. e6 f5 22. Bd2 Bf6 23. Rae1 Bg7 24. Re2 Nc4 25. Nd7 Rfd8 26. a4 Rxd7 27. exd7 Qxd7 28. Rfe1 e6 29. Bc1 Qd6 30. h3 Rb8 31. axb5 cxb5 32. g4 b4 33. Bxc4 Bxc4 34. Rg2 Bd5 35. Rg3 Rc8 36. gxf5 Bxd4+ 37. Be3 Rxc3 38. Qa4 Bc6 39. Qxa5 Rxe3 40. Rexe3 Bxe3+ 41. Rxe3 Qd1+ 42. Kf2 Qd2+ 43. Re2 Qxf4+ 44. Ke1 Qg3+ 45. Rf2 Qc3+ 46. Rd2 Qc1+ 47. Ke2 Qc4+ 48. Ke1 Qe4+ 49. Re2 Qb1+ 50. Kf2 Qxf5+ 51. Qxf5 exf5 52. Rb2 Be4 53. Rxb4 Kg7 54. Kg3 g5 55. h4 Kh6 56. Rb2 Kh5 57. hxg5 Kxg5 58. Rh2 f4+ 59. Kf2 h5 60. Rh3 Kg4 61. Rc3 1/2-1/2

[Event "Bad Godesberg op 17th"]
[Site "Bad Godesberg"]
[Date "2013.08.05"]
[Round "3"]
[White "Eisentraut, Dieter"]
[Black "Gelsok, Philipp"]
[Result "1/2-1/2"]
[WhiteElo "1949"]
[BlackElo "1728"]
[PlyCount "60"]
[EventDate "2013.08.03"]
[EventType "swiss"]
[EventRounds "9"]
[EventCountry "GER"]
[SourceTitle "CBM 155 Extra"]
[Source "ChessBase"]
[SourceDate "2013.08.26"]
[SourceVersion "1"]
[SourceVersionDate "2013.08.26"]
[SourceQuality "1"]

1. e4 e5 2. Nc3 Nf6 3. Nf3 Nc6 4. Be2 Be7 5. 0-0 0-0 6. d4 exd4 7. Nxd4 d6 8. f4 Re8 9. Nxc6 bxc6 10. Bf3 Nd7 11. Be3 Bb7 12. Qe1 Bf6 13. g4 Ba6 14. Be2 Bxe2 15. Qxe2 Bxc3 16. bxc3 Rxe4 17. Qf3 Qe7 18. Rae1 Re8 19. Bf2 d5 20. Rxe4 Qxe4 21. Qg3 Qe7 22. Re1 Qd8 23. Rxe8+ Qxe8 24. Bxa7 Nb6 25. Bxb6 cxb6 26. Kf2 h6 27. Qe3 Qa8 28. Kg3 Qxa2 29. Qxb6 Qxc2 30. Qxc6 Qd3+ 1/2-1/2

[Event "Bad Godesberg op 16th"]
[Site "Bad Godesberg"]
[Date "2012.07.11"]
[Round "5"]
[White "Ebert, Mario"]
[Black "Eisentraut, Dieter"]
[Result "1-0"]
[WhiteElo "2052"]
[BlackElo "1951"]
[PlyCount "83"]
[EventDate "2012.07.07"]
[EventType "swiss"]
[EventRounds "9"]
[EventCountry "GER"]
[SourceTitle "CBM 149 Extra"]
[Source "ChessBase"]
[SourceDate "2012.08.24"]
[SourceVersion "1"]
[SourceVersionDate "2012.08.24"]
[SourceQuality "1"]

1. e4 e5 2. Nf3 Nc6 3. Bc4 Bc5 4. b4 Bxb4 5. c3 Ba5 6. d4 d6 7. dxe5 dxe5 8. Qb3 Qe7 9. Ba3 Qf6 10. Nbd2 Nge7 11. Bb5 a6 12. Bxe7 Qxe7 13. Bxc6+ bxc6 14. 0-0 0-0 15. Qc4 Qe6 16. Qc5 Bb6 17. Qxe5 Re8 18. Qf4 Qg4 19. Qxg4 Bxg4 20. Nd4 Rad8 21. N2b3 c5 22. Nc2 Be2 23. Rfe1 Bd3 24. Ne3 Rxe4 25. Rad1 c4 26. Nd2 Bxe3 27. Nxe4 Bb6 28. Ng3 g6 29. Re5 Rd6 30. Ne4 Rc6 31. Re1 Kg7 32. h4 f6 33. Re7+ Kf8 34. Ng3 Ba5 35. Rxh7 Bxc3 36. Ree7 f5 37. Ne2 Bf6 38. Ref7+ Kg8 39. Nf4 Be4 40. Rxc7 c3 41. Rxc6 Kxh7 42. Rxf6 1-0

[Event "Bad Godesberg op 15th"]
[Site "Bad Godesberg"]
[Date "2011.07.26"]
[Round "4"]
[White "Weiler, Wolfgang"]
[Black "Eisentraut, Dieter"]
[Result "1-0"]
[WhiteElo "2005"]
[BlackElo "1814"]
[PlyCount "75"]
[EventDate "2011.07.23"]
[EventType "swiss"]
[EventRounds "9"]
[EventCountry "GER"]
[SourceTitle "EXT 2017"]
[Source "ChessBase"]
[SourceDate "2016.10.25"]
[SourceVersion "1"]
[SourceVersionDate "2016.10.25"]
[SourceQuality "1"]

1. g3 d5 2. Bg2 Nf6 3. Nf3 Bf5 4. 0-0 h6 5. c4 c6 6. cxd5 cxd5 7. d3 Nc6 8. Qb3 Qb6 9. Qxb6 axb6 10. Nc3 e6 11. Nb5 Kd7 12. Bf4 Bc5 13. Ne5+ Ke7 14. Nf3 Kd7 15. a3 Ra5 16. Nc3 Raa8 17. Rad1 Nh5 18. Bc1 Nf6 19. e4 Bg4 20. h3 Bh5 21. g4 Bg6 22. Nh4 d4 23. Nxg6 fxg6 24. Ne2 g5 25. f4 gxf4 26. Nxf4 e5 27. Ng6 Rhe8 28. Bxh6 Nxg4 29. hxg4 gxh6 30. Rf2 Be7 31. Rdf1 Rg8 32. Nxe7 Nxe7 33. Kh2 Ra5 34. Rf6 Rb5 35. b4 Ke8 36. Rb1 Nc6 37. Rxh6 Rxg4 38. Rxc6 1-0